| 000 | 01300nam0a22003011 4500 | ||
|---|---|---|---|
| 001 | rc\4004186 | ||
| 005 | 20260407134800.0 | ||
| 021 |
_aRU _b[51-11255] |
||
| 035 | _a(NLR Aleph) 008075154 | ||
| 090 |
_a9087909 _c9087909 |
||
| 100 | _a20130415d1951 |||y0rusy50 ca | ||
| 101 | 0 | _arus | |
| 102 | _aRU | ||
| 105 | _aac z ||||| | ||
| 200 | 1 |
_aФормовщица Нина Елисеева _e(Ковров. экскаваторный завод) _fМ-во строит. и дор. машиностроения СССР. ВНИИСтройдормаш. Бюро науч.-техн. информации |
|
| 210 |
_aМосква _cМашгиз _d1951 |
||
| 215 |
_a16 с., 1 л. портр. _cчерт. _d20 |
||
| 225 | 1 |
_a[Новаторы производства ] _v1 |
|
| 300 | _aСост. указан на обороте тит. л. | ||
| 606 |
_aГусеничные ленты _xФормовка _xСтахановские методы _2psbo |
||
| 700 | 1 |
_aЖукова _bА.И. _4220 |
|
| 702 | 1 |
_aЕлисеева _bН. _gНина _4570 |
|
| 712 | 0 | 2 |
_aВНИИ строительного и дорожного машиностроения _3RU\NLR\AUTH\8810002659 _9502542 |
| 801 | 0 |
_aRU _bNLR _gpsbo |
|
| 801 | 1 |
_aRU _bELAR _2rusmarc |
|
| 852 |
_aNLR _jТ36 Г-4/1351 |
||
| 942 | _cBOOK | ||
| 980 | _aNB | ||